000 01417cam a2200289 a 4500
999 _c14237
_d14237
003 OSt
005 20260416155320.0
008 101115s2011 mnuab b s001 0 eng
020 _a9780816670376
_qpb : alk. paper
042 _apcc
043 _aa-ii---
082 0 0 _a720.954/79209034
_222
100 1 _aChopra, Preeti.
245 1 2 _aA joint enterprise :
_bIndian elites and the making of British Bombay /
_cPreeti Chopra.
246 3 0 _aIndian elites and the making of British Bombay
260 _aMinneapolis :
_bUniversity of Minnesota Press,
_cc2011.
300 _axxiv, 293 p. :
_bill., maps ;
_c26 cm.
504 _aIncludes bibliographical references (p. 263-279) and index.
505 0 _aIntroduction -- A joint enterprise -- Anglo-Indian architecture and the meaning of its styles -- The biography of an unknown native engineer -- Dividing practices in Bombay's hospitals and lunatic asylums -- An unforeseen landscape of contradictions -- Of gods and mortal heroes : conundrums of the secular landscape of colonial Bombay.
650 0 _aArchitecture and society
_zIndia
_zMumbai
_xHistory
_y19th century.
650 0 _aArchitecture and society
_zIndia
_zMumbai
_xHistory
_y20th century.
650 0 _aSocial ecology
_zIndia
_zMumbai.
650 0 _aColonial cities
_zIndia
_zMumbai.
651 0 _aMumbai (India)
_xBuildings, structures, etc.
651 0 _aMumbai (India)
_xSocial conditions.
942 _2ddc